| 000 | 00449nam a2200169Ia 4500 | ||
|---|---|---|---|
| 001 | 36133 | ||
| 008 | 140421s9999 xx 000 0 und d | ||
| 020 | _a0195979850 | ||
| 040 | _cPK-LaUMT | ||
| 082 |
_a 297.4 _bWER-P |
||
| 100 | _aWerbner, Pnina | ||
| 245 |
_aPilgrims of love _bthe anthropology of a global sufi cult _cWerbner, Pnina |
||
| 260 |
_aOxford,USA: _bOxford University Press, _c2005 |
||
| 300 | _a348 p. | ||
| 546 | _aEN | ||
| 942 | _cBK | ||
| 999 |
_c35648 _d35648 |
||